000 00682nam a2200241Ia 4500
003 OSt
005 20220925234504.0
006 a|||||r|||| 00| 0
007 ta
008 220923b |||||||| |||| 00| 0 eng d
037 _cGeneral Book
040 _aRTL
_cRTL
_beng
041 _2eng
_aeng
082 _aV211,63.N7, L2.2
100 _aDharmapal
_9212748
245 0 _aMadras panchayat system
_b A general assessment V2
260 _a New Delhi
_bBMPB
_c1972
300 _a233p
_ccm.
500 _aAppendices: p 195-233
650 _aHistory Tamil Nadu
_9235554
942 _hV211,63.N7, L2.2
_cGB
_2CC
999 _c595704
_d595704